000 00830nam a22002777a 4500
005 20260224172158.0
008 260224b |||||||| |||| 00| 0 eng d
020 _a9789391211660
037 _cTB
040 _aLCT
_cLCT
041 _2eng
_aeng
_heng
084 _aZ2,12 P4;R2
100 _aSaxena, Poonam Pradhan
_9784458
245 _aFamily Law Lectures:
_bFamily Law II/
250 _a5th Edition
260 _aGurgaon, India:
_bLexis Nexis,
_c2022 (rp 2025)
300 _aLxxxiii, 646p.
650 _2Family Law II
650 _aFamily Law
_9784459
650 _2 Succession
650 _2Testamentary and intestate succession
650 _2Gifts, and religious endowments.
650 _2Hindus law
650 _2Muslims law
942 _2CC
_cTB
_hZ2,12 P4;R2
_n0
999 _c1680186
_d1680186